Valorant Agents from their Voicelines - Statistics

General Stats
  • This quiz has been taken 708 times
  • The average score is 20 of 23
Answer Stats
Hint Answer % Correct
Prepare for hellfire! Brimstone
94%
You are powerless! KAY/O
93%
You will not kill my allies! Sage
93%
I know exactly where you are. Cypher
91%
Get out of my way! Jett
90%
The hunt begins. Reyna
90%
Welcome to my world. Viper
90%
Off your feet! Breach
89%
Joke’s over, you’re dead! Phoenix
89%
Scatter! Omen
88%
Fire in the hole! Raze
88%
Oye, monster on the loose! Gekko
86%
You are divided! Astra
85%
You want to play? Let’s play. Chamber
85%
You should run... Killjoy
85%
Hoy! I’m pissed! Neon
85%
Face your fear! Fade
84%
I’ve got your trail. Skye
84%
It’s you and me! Iso
81%
Nowhere to run! Sova
81%
My territory, my rules. Deadlock
77%
I suggest you move. Harbor
77%
Who’s next? Yoru
76%
No matching quizzes found
Score Distribution
Percent of People with Each Score
Percentile by Number Answered
Your Score History
You have not taken this quiz